000 00748nam a2200253 i 4500
003 DO-SdBNP
005 20260321073647.0
007 ta
008 260211b2009 dr ac||| |||| 00| 0 spa d
020 _a97899993442709
040 _aDO-SdBNP
_bspa
_cBNPHU
_erda
041 _aspa
082 4 _a863.44
_bB742c 2009
_222
100 1 _a Bosch, Juan,
_d1909-2001
_eautor
_4aut.
_976555
245 1 0 _aCuentos /
_cJuan Bosch
264 4 _aSanto Domingo :
_bEdiciones Ferilibro,
_c©2009.
300 _a145 páginas :
_bilustraciones, retratos ;
_c27 cm.
336 _atexto
_btxt
_2rdacontent
337 _asin mediación
_bn
_2rdamedia
338 _avolumen
_bnc
_2rdacarrier
590 _aInventariado, 2026/BT
910 _aBtavárez
942 _2ddc
_cLBS1
999 _c60292
_d60292